00438nam a2200169Ia 4500003000500000005001700005008004100022020001800063040000900081082001300090100001500103245003400118250001600152260003800168300003500206490002700241322820231214115224.0220713s9999 xx 000 0 und d a9780798137850 c3228 aAKF MEIJ aMEIJ, MART 0aEk kan al tel met syferkennis aTweede druk aKaapstad:bHuman & Rousseauc2010 a32 PagesbIllustrationsc28 cm aVoor ek skool toe gaan